header

Translation studies and eye-tracking analysis / (Record no. 124922)

MARC details
000 -LEADER
fixed length control field 01954nam a22004091i 4500
001 - CONTROL NUMBER
control field ebr10767469
003 - CONTROL NUMBER IDENTIFIER
control field CaPaEBR
006 - FIXED-LENGTH DATA ELEMENTS--ADDITIONAL MATERIAL CHARACTERISTICS--GENERAL INFORMATION
fixed length control field m o d
007 - PHYSICAL DESCRIPTION FIXED FIELD--GENERAL INFORMATION
fixed length control field cr cn|||||||||
008 - FIXED-LENGTH DATA ELEMENTS--GENERAL INFORMATION
fixed length control field 140721s2013 gw a ob 000 0 eng d
020 ## - INTERNATIONAL STANDARD BOOK NUMBER
International Standard Book Number 9783653029321 (e-book)
Cancelled/invalid ISBN 9783631634486
040 ## - CATALOGING SOURCE
Original cataloging agency CaPaEBR
Language of cataloging eng
Description conventions rda
-- pn
Transcribing agency CaPaEBR
035 ## - SYSTEM CONTROL NUMBER
System control number (OCoLC)858976055
050 14 - LIBRARY OF CONGRESS CALL NUMBER
Classification number P306.2
Item number .T7345 2013eb
082 04 - DEWEY DECIMAL CLASSIFICATION NUMBER
Classification number 418/.02072
Edition number 23
245 00 - TITLE STATEMENT
Title Translation studies and eye-tracking analysis /
Statement of responsibility, etc Sambor Grucza, Monika P�uzyczka, Justyna Zaj�ac (eds).
264 #1 - PRODUCTION, PUBLICATION, DISTRIBUTION, MANUFACTURE, AND COPYRIGHT NOTICE
Place of production, publication, distribution, manufacture Frankfurt am Main ;
-- New York :
Name of producer, publisher, distributor, manufacturer Peter Lang Edition,
Date of production, publication, distribution, manufacture, or copyright notice 2013.
300 ## - PHYSICAL DESCRIPTION
Extent 1 online resource (215 pages) :
Other physical details illustrations.
336 ## - CONTENT TYPE
Content type term text
Source rdacontent
337 ## - MEDIA TYPE
Media type term computer
Source rdamedia
338 ## - CARRIER TYPE
Carrier type term online resource
Source rdacarrier
490 1# - SERIES STATEMENT
Series statement Warschauer Studien Zur Germanistik Und Zur Angewandten Linguistik ;
Volume number/sequential designation Band 6
504 ## - BIBLIOGRAPHY, ETC. NOTE
Bibliography, etc Includes bibliographical references.
588 ## - SOURCE OF DESCRIPTION NOTE
Source of description note Description based on print version record.
590 ## - LOCAL NOTE (RLIN)
Local note Electronic reproduction. Palo Alto, Calif. : ebrary, 2014. Available via World Wide Web. Access may be limited to ebrary affiliated libraries.
650 #0 - SUBJECT ADDED ENTRY--TOPICAL TERM
Topical term or geographic name as entry element Eye
General subdivision Movements
-- Research.
Topical term or geographic name as entry element Translating and interpreting
General subdivision Research.
Topical term or geographic name as entry element Visual communication
General subdivision Research.
Topical term or geographic name as entry element Visual communication
General subdivision Technique.
655 #0 - INDEX TERM--GENRE/FORM
Genre/form data or focus term Electronic books.
700 1# - ADDED ENTRY--PERSONAL NAME
Personal name Grucza, Sambor.
776 08 - ADDITIONAL PHYSICAL FORM ENTRY
Display text Print version:
Title Translation studies and eye-tracking analysis.
Place, publisher, and date of publication Frankfurt am Main : Peter Lang Edition, 2013
Physical description 213 pages : illustrations ; 22 cm.
Series data for related item Warschauer Studien zur Germanistik und zur angewandten Linguistik ; Bd 6.
International Standard Book Number 9783631634486
Record control number (DLC) 2013010035
797 2# - LOCAL ADDED ENTRY--CORPORATE NAME (RLIN)
Corporate name or jurisdiction name as entry element ebrary.
830 #0 - SERIES ADDED ENTRY--UNIFORM TITLE
Uniform title Warschauer Studien zur Germanistik und zur angewandten Linguistik ;
Volume number/sequential designation Bd. 6.
856 40 - ELECTRONIC LOCATION AND ACCESS
Uniform Resource Identifier <a href="http://site.ebrary.com/lib/rucke/Doc?id=10767469">http://site.ebrary.com/lib/rucke/Doc?id=10767469</a>
Public note An electronic book accessible through the World Wide Web; click to view

No items available.

© 2026 Rongo University
Contact us: librarian | system librarian | Rongo university